00737 2200253 4500001002100000005001500021035002000036007000300056008004100059020002200100082001000122084001600132100002100148245011900169250001000288260003300298300003300331650003600364700002200400700000900422520003000431990001100461990001100472INLIS00000000000308620190207095011 a0010-0219000028ta190207 g 0 ind  a978-602-9434-06-4 a371.3 a371.3 ISR s0 aISRIANI, Hardini1 aStrategi Pembelajaran Terpadu :b(Teori, Konsep & Implementasi) /cIsriani Hardini, Dewi Puspitasari; editor, Qoni acet.1 aYogyakarta :bFamilia,c2017 axi, 228 hlm :bilus ;c20 cm aPENDIDIKAN. METODE PEMBELAJARAN0 aDEWI, Puspitasari0 aQONI aBibliografi: hlm. 223-228 a6484 a a6484 b